000 00939nam a2200205Ii 4500
003 JO-AjNU
008 230605s9999||||xx |||||||||||||| ||und||
017 _a2011/1/248
040 _aJO-AjNU
_bara
_erda
_cJO-AjNU
041 _aara
050 1 4 _aDS109.9.N3274 2011
100 3 _a ندوة القدس في التاريخ والأدب واللغة 2009 :جرش ، جامعة فيلادلفيا تاليف المناصرة، عز الدين وآخرون ؛ تحرير عبدالخالق، غسان إسماعيل,
_eauthor
_933588
245 0 0 _aالقدس في التاريخ والأدب واللغة
264 3 1 _aجرش: جامعة فيلادلفيا، 2011
300 _a221ص
336 _atext
_btxt
_2rdacontent
337 _aunmediated
_bn
_2rdamedia
338 _avolume
_bnc
_2rdacarrier
650 4 _aالنزاع العربي الاسرائيلي- مؤتمرات، القدس(فلسطين)- تاريخ- مؤتمرات
_933589
999 _aA13687
_c17255
_d17255